Visualizzazione normale
Vista MARC
- genitorialità
di Topical Term
Records bibliografici associati: 98
001 - CONTROL NUMBER
- control field: 56044
003 - CONTROL NUMBER IDENTIFIER
- control field: IT-RoPau
005 - DATE AND TIME OF LATEST TRANSACTION
- control field: 20161206104714.0
008 - FIXED-LENGTH DATA ELEMENTS
- fixed length control field: 161206|| aca||aabn | a|a d
040 ## - CATALOGING SOURCE
- Original cataloging agency: IT-RoPau
- Transcribing agency: IT-RoPau
150 ## - HEADING--TOPICAL TERM
- Topical term or geographic name entry element: genitorialità
670 ## - SOURCE DATA FOUND
- Source citation: Work cat.: (IT-RoPau): Garcia Zambrano Roberto Carlos 56043, Ser hombre, ser padre. Relacion entre la paternidad y la masculinidad a la luz de las enseñanzas de Juan Pablo II, 2014